Global Politics and EU Trade Policy Facing the Challenges to a Multilateral Approach
Gespeichert in:
| Weitere Verfasser: | , |
|---|---|
| Format: | Buch |
| Sprache: | Englisch |
| Veröffentlicht: |
Cham
Springer
2020
|
| Schriftenreihe: | European Yearbook of International Economic Law
|
| Schlagworte: | |
| Tags: |
Keine Tags, Fügen Sie das erste Tag hinzu!
|
MARC
| LEADER | 00000nam a2200000 4500 | ||
|---|---|---|---|
| 001 | 0277177 | ||
| 005 | 20240221115035.3 | ||
| 020 | |a 978-3-030-34587-7 | ||
| 022 | |a 2510-6880 | ||
| 041 | 0 | |a eng | |
| 044 | |a CH | ||
| 245 | 1 | 0 | |a Global Politics and EU Trade Policy |b Facing the Challenges to a Multilateral Approach |c Editors: Wolfgang Weiss, Cornelia Furculita |
| 264 | 1 | |a Cham |b Springer |c 2020 | |
| 300 | |a 284 s. | ||
| 490 | 1 | |a European Yearbook of International Economic Law | |
| 830 | 0 | |a European Yearbook of International Economic Law | |
| 610 | 2 | 0 | |a politika obchodná |
| 610 | 2 | 0 | |a globalizácia |
| 610 | 2 | 0 | |a multilateralita |
| 610 | 2 | 0 | |a obchod svetový |
| 610 | 2 | 0 | |a bariéry obchodu zahraničného |
| 610 | 2 | 0 | |a modely obchodné |
| 610 | 2 | 0 | |a dohody obchodné |
| 610 | 2 | 0 | |a spoločnosti obchodné |
| 610 | 2 | 0 | |a legislatíva |
| 610 | 2 | 0 | |a Európska únia |
| 700 | 1 | |a Weiss, Wolfgang | |
| 700 | 1 | |a Furculita, Cornelia | |